ՀՀ Գիտությունների ազգային ակադեմիայի հիմնարար գիտական գրադարան  =   Fundamental Scientific Library of NAS RA

Палеогеновая фауна моллюсков Северного Приаралья / (Record no. 464344)

MARC details
000 -LEADER
fixed length control field 00969nam-a2200205-a-4500
001 - CONTROL NUMBER
control field 000143990
003 - CONTROL NUMBER IDENTIFIER
control field AM-YeHGA
005 - DATE AND TIME OF LATEST TRANSACTION
control field 20250617161029.0
008 - FIXED-LENGTH DATA ELEMENTS--GENERAL INFORMATION
fixed length control field 990518s1963 xxu 000 0 rus u
040 ## - CATALOGING SOURCE
Original cataloging agency AM-YeHGA
090 ## - LOCALLY ASSIGNED LC-TYPE CALL NUMBER (OCLC); LOCAL CALL NUMBER (RLIN)
-- 467536
100 10 - MAIN ENTRY--PERSONAL NAME
Personal name Алексеев, А.К.
245 10 - TITLE STATEMENT
Title Палеогеновая фауна моллюсков Северного Приаралья /
Statement of responsibility, etc. А.К. Алексеев.
246 3# - VARYING FORM OF TITLE
Title proper/short title Հյուսիսային Մերձարալի պալեոգենի փափկամորթների ֆաունան
260 0# - PUBLICATION, DISTRIBUTION, ETC.
Place of publication, distribution, etc. Ереван :
Name of publisher, distributor, etc. Изд-во АН АрмССР ,
Date of publication, distribution, etc. 1963.
300 ## - PHYSICAL DESCRIPTION
Extent 229 с.
500 ## - GENERAL NOTE
General note АН АрмССР. Ин-т геологических наук.\ T314\
550 ## - ISSUING BODY NOTE
Issuing body note М-во геологии и охраны недр СССР. Центр. научно-исследовательский геолого-разведочный музей им. Ф.Н. Чернышева
650 #4 - SUBJECT ADDED ENTRY--TOPICAL TERM
Topical term or geographic name entry element Палеоботаника
Holdings
Withdrawn status Lost status Source of classification or shelving scheme Damaged status Not for loan Collection Home library Current library Date acquired Total checkouts Full call number Barcode Date last seen Price effective from Koha item type Public note
    Universal Decimal Classification     General Fundamental Scientific Library Fundamental Scientific Library 05/02/2018   PIII/13154 FL0478143 05/02/2018 05/02/2018 Գրքեր / Books 30 Days Loan
    Universal Decimal Classification     General Fundamental Scientific Library Fundamental Scientific Library 05/02/2018   PIII/13153 FL0478142 05/02/2018 05/02/2018 Գրքեր / Books 30 Days Loan
    Universal Decimal Classification     General Fundamental Scientific Library Fundamental Scientific Library 05/02/2018   PIII/13152 FL0478141 05/02/2018 05/02/2018 Գրքեր / Books 30 Days Loan
    Universal Decimal Classification     General Fundamental Scientific Library Fundamental Scientific Library 05/02/2018   PIII/13151 FL0478140 05/02/2018 05/02/2018 Գրքեր / Books 30 Days Loan
          General Fundamental Scientific Library Fundamental Scientific Library 12/02/2018   PIII/15200 FL0479507 12/02/2018 12/02/2018 Գրքեր / Books 30 Days Loan


ՀՀ ԳԱԱ հիմնարար գիտական գրադարան
ՀՀ,Երևան 0019
Մարշալ Բաղրամյան 24/6
հեռախոս:(374-10) 52-47-50
Հետադարձ կապ

All site content, except where otherwise noted, is licensed under a
Creative Commons License